[Event "Cagliari Alfa Lum op-A 2nd"]
[Site "Cagliari"]
[Date "2010.09.04"]
[Round "3"]
[White "Pannella, Leopoldo"]
[Black "Pompianu, Livio"]
[Result "1/2-1/2"]
[WhiteElo "1584"]
[BlackElo "1503"]
[PlyCount "89"]
[EventDate "2010.09.03"]
[EventType "swiss"]
[EventRounds "6"]
[EventCountry "ITA"]
[SourceTitle "EXT 2024"]
[Source "ChessBase"]
[SourceDate "2023.10.10"]
[SourceVersion "1"]
[SourceVersionDate "2023.10.10"]
[SourceQuality "1"]

1. d4 d5 2. c4 c6 3. Nc3 Nf6 4. Nf3 e6 5. Qc2 Be7 6. e3 0-0 7. Bd3 Nbd7 8. 0-0 c5 9. cxd5 exd5 10. dxc5 Nxc5 11. Rd1 Nxd3 12. Qxd3 Be6 13. b3 a6 14. Bb2 Qd7 15. Ne2 Rac8 16. Nf4 h6 17. Rac1 Rfd8 18. Rxc8 Qxc8 19. Rc1 Qd7 20. Nxe6 Qxe6 21. Rc7 Rd7 22. Qc2 Qd6 23. Be5 Rxc7 24. Qxc7 Qxc7 25. Bxc7 Ne4 26. a4 Nc5 27. Nd2 Kf8 28. Kf1 Ke8 29. Ke2 Kd7 30. Be5 f6 31. Bd4 Ke6 32. Kd1 Kf5 33. f3 Bd6 34. h4 h5 35. Bxc5 Bxc5 36. Ke2 Bb4 37. g3 Bd6 38. Kf2 Bb4 39. Ke2 Bd6 40. Nf1 b5 41. axb5 axb5 42. Kd3 Bc5 43. Nd2 g5 44. hxg5 fxg5 45. e4+ 1/2-1/2